000 00279nam a22001337a 4500
003 SGT
082 _a612
_bT14K
100 _aKAPOOR, RAJ
245 _aTEXT BOOK OF MEDICAL PHYSIOLOGY
260 _aDELHI
_bTOP PUB
_c2014
300 _a402
650 _aPHYSIOLOGY
942 _2ddc
_cBK
999 _c8487
_d8487